NFL Decoder #2 - Statistics

General Stats
  • This quiz has been taken 53 times
  • The average score is 7 of 10
Answer Stats
Hint Answer % Correct
H Last name of the head coaches of the Baltimore Ravens and Los Angeles Chargers (Hint: also faced off in Super Bowl XLVII) Harbaugh
98%
E Super Bowl LIII MVP, Julian _______ Edelman
91%
T Ray Lewis has the most ever solo ______ in a season. He had 156 in 1997 Tackles
89%
D Scandal in which the New England Patriots decreased the pressure of footballs in the 2014 AFC Championship game Deflategate
84%
H Nickname of the clutch catch made by David Tyree in Super Bowl XLII "The _____ Catch" Helmet
80%
I Nickname of 1967 NFL Championship Game between Cowboys and Packers "The ___ Bowl" Ice
71%
D Nickname of Atlanta Falcons and touchdown dance by Jamal Anderson in 1998, _____ Birds Dirty
67%
W School where Jonathan Taylor, Melvin Gordon, and the Watt brothers played college football Wisconsin
64%
A Host city of Super Bowls XXVIII, XXXIV, and LIII Atlanta
51%
He did what?!
42%
No matching quizzes found
Score Distribution
Percent of People with Each Score
Percentile by Number Answered
Your Score History
You have not taken this quiz